Схема отключения ударного генератора за время второй полуволны; Известия Томского политехнического института [Известия ТПИ]; Т. 145 : Электрические машины

Библиографические подробности
Источник:Известия Томского политехнического института [Известия ТПИ]/ Томский политехнический институт (ТПИ).— , 1944-1976
Т. 145 : Электрические машины.— 1966.— [С. 39-44]
Главный автор: Сипайлов Г. А. Геннадий Антонович
Другие авторы: Ивашин В. В. Виктор Васильевич
Примечания:Заглавие с титульного листа
Электронная версия печатной публикации
Язык:русский
Опубликовано: 1966
Предметы:
Online-ссылка:Черно-белая версия для предварительного просмотра
Цветная версия без потери качества
Формат: MixedMaterials Электронный ресурс Статья
Запись в KOHA:https://koha.lib.tpu.ru/cgi-bin/koha/opac-detail.pl?biblionumber=206840

MARC

LEADER 00000nla2a2200000 4500
001 206840
005 20231031190836.0
035 |a (RuTPU)RU\TPU\book\225537 
035 |a RU\TPU\book\225533 
090 |a 206840 
100 |a 20120117d1966 k y0rusy50 ca 
101 0 |a rus 
102 |a RU 
135 |a drnn ---uucaa 
181 0 |a i  
182 0 |a b 
200 1 |a Схема отключения ударного генератора за время второй полуволны  |b Электронный ресурс  |f Г. А. Сипайлов, В. В. Ивашин 
203 |a Текст  |c электронный 
215 |a 2 файла (258 Кб, 5.7 Мб) 
230 |a Электронные текстовые данные (2 файла : 258 Кб, 5.7 Мб) 
300 |a Заглавие с титульного листа 
300 |a Электронная версия печатной публикации 
320 |a [Библиогр.: с. 44 (3 назв.)] 
337 |a Adobe Reader 
461 1 |0 (RuTPU)RU\TPU\book\200995  |t Известия Томского политехнического института [Известия ТПИ]  |f Томский политехнический институт (ТПИ)  |d 1944-1976 
463 1 |0 (RuTPU)RU\TPU\book\225527  |t Т. 145 : Электрические машины  |v [С. 39-44]  |d 1966  |p 214 с. 
610 1 |a электронный ресурс 
610 1 |a труды учёных ТПУ 
700 1 |a Сипайлов  |b Г. А.  |c специалист в области электромеханики  |c профессор Томского политехнического университета  |f 1920-2004  |g Геннадий Антонович  |2 stltpush  |3 (RuTPU)RU\TPU\pers\12400 
701 1 |a Ивашин  |b В. В.  |c российский ученый, доктор технических наук  |c профессор кафедры электрических машин и аппаратов Томского политехнического института  |c профессор Тольяттинского государственного университета  |f 1934-  |g Виктор Васильевич  |2 stltpush  |3 (RuTPU)RU\TPU\pers\19792 
801 1 |a RU  |b 63413507  |c 20090320  |g PSBO 
801 2 |a RU  |b 63413507  |c 20150908  |g PSBO 
856 4 |u http://www.lib.tpu.ru/fulltext/v/Bulletin_TPU/1966/v145/06_bw.pdf  |z Черно-белая версия для предварительного просмотра 
856 4 |u http://www.lib.tpu.ru/fulltext/v/Bulletin_TPU/1966/v145/06_full.pdf  |z Цветная версия без потери качества 
942 |c CF